000 00443nam a2200169 a 4500
005 20140310183506.0
008 100918s19uu xx 00 eng d
020 _a0446302910
050 _aPZ 7
_b.Sh554 1983
100 _aSherwood, Valerie
245 _aLovely lying lips.
_cValerie Sherwood
260 _aNew York :
_bWarner Books,Inc,
_c1983.
300 _a574 p. :
_c17 cm.
650 _aFiction
942 _cBK
_2lcc
999 _c24056
_d24056